| 000 | 01180cam a2200277 4500 | ||
|---|---|---|---|
| 001 | ##L133774 | ||
| 008 | 060609n2006 000 0 eng u | ||
| 020 | _a1860819087 | ||
| 035 | _a(Sirsi) u133774 | ||
| 041 | 0 | _aeng | |
| 050 | 0 | 4 | _a693.5 $2 18 |
| 100 | 1 | _aNolan, É | |
| 245 | 0 | 0 |
_aReinforced concrete service life design _bservice life forecasting and enhancement |
| 260 |
_aWatford _bBRE _c2006 |
||
| 300 |
_a8p. _bill. _c30cm. |
||
| 350 | _a9 00 | ||
| 490 | 0 |
_aBRE Information Paper _vIP 3/06 part 3 |
|
| 520 | _aThe BRE service life design system provides a systematic approach to assist a designer in meeting a client's requirements for a structure, in terms of service life and functionality. This paper describes the approach to service life design adopted in the BRE system. Part 1 gives an overview of the system, whilst part 2 focuses on optimising the durability design for a structure. | ||
| 651 | 4 |
_aUnited Kingdom _y |
|
| 690 | _aBUILT ENVIRONMENT-BUILDING MATERIALS-CEMENTITIOUS, CONCRETE AND MINERAL BOUND MATERIALS-CONCRETE | ||
| 700 | 1 | _aQuillin, K. | |
| 700 | 1 | _aNixon, P. | |
| 700 | 1 | _aSergi, G. | |
| 700 | 1 | _aBamforth, P. B. | |
| 942 | _n0 | ||
| 999 |
_c105473 _d105473 |
||